000 00519nam a2200181Ia 4500
001 16468
005 20260306170311.0
008 260306t2023||||xx |||||||||||||| ||und||
041 _aESP
082 _a348.6
_bJ24R
100 _aJara Bautista, José Luis,
_eAUT
245 0 _aRegímenes laborales en el sector público :
_benfoque en el sistema administrativo de gestión de recursos humanos
260 _c2023
300 _a591 páginas :
_c25 cm.
650 _aGEN
654 _aCDE
942 _cLIB
_dJUS
_fJUS
_2ddc
_n
999 _c16468
_d16468